| 000 | 01220 a2200217 4500 | ||
|---|---|---|---|
| 001 | 58775 | ||
| 005 | 20260407155842.0 | ||
| 008 | 260407a1977 arg spa d | ||
| 003 | AR-UNSa-BCEJYS | ||
| 040 |
_aAR-UNSa-BCEJYS _bspa _cAR-UNSa-BCEJYS |
||
| 080 |
_a336.226.1 _xImpuestos a las ganancias o los beneficios (Impuesto Diferido) |
||
| 245 | 1 | 0 |
_aImpuesto a las ganancias _pactualización |
| 264 | 1 |
_aBuenos Aires : _bEdiciones Depalma _c1977 |
|
| 300 |
_a91 p. _c23 cm. |
||
| 505 | _a1. Concepto de ganancia - 2. Fuente - 3. Sociedades - 4. Regalías - 5. Pago a beneficiarios del exterior - 7. Exenciones - 8. Deducciones - 9. Interés ficto en deudas - 10. Costo de bienes adquiridos a título gratuito - 11. Alícuotas para personas físicas y sucesiones indivisas - 12. Ganancias de tercera categoría - 13. Producción agropecuaria - 14. Inversiones de lujo y similares - 15. Ajustes de impuestos - 16. Ingresos a fiscos extranjeros - 17. Interés accionario en cooperativas - 18. Valuación de inventarios - 19. Nuevo régimen de retenciones. | ||
| 041 | _aspa | ||
| 942 | _cBK | ||
| 590 | _aniveau_biblio:m niveau_hierar:0 | ||
| 100 | 1 | _aGiuliani Fonrouge, Carlos M. | |
| 700 | 1 | _aNavarrine, Susana Camila | |
| 999 |
_c6482 _d6482 |
||